Mujeres extraordinarias : (Record no. 167722)

MARC details
000 -LEADER
campo de control de longitud fija 00804nam a2200229 i 4500
001 - NÚMERO DE CONTROL
campo de control 167722
003 - IDENTIFICADOR DE NÚMERO DE CONTROL
campo de control ES-MaACL
005 - FECHA Y HORA DE LA ÚLTIMA TRANSACCIÓN
campo de control 20250804161016.0
008 - DATOS DE LONGITUD FIJA--INFORMACIÓN GENERAL
campo de control de longitud fija 220628s2019 sp a 001 0cspa d
020 ## - NÚMERO INTERNACIONAL ESTÁNDAR DEL LIBRO
Número Internacional Estándar del Libro 978-84-09-14474-7
100 1# - ENTRADA PRINCIPAL--NOMBRE DE PERSONA
Nombre de persona Etxebarría, Lucía.
9 (RLIN) 48306
245 10 - MENCIÓN DEL TÍTULO
Título Mujeres extraordinarias :
Resto del título una historia de mentiras /
Mención de responsabilidad, etc. Lucía Etxebarría.
250 ## - MENCION DE EDICION
Mención de edición 2ª ed.
260 ## - PUBLICACIÓN, DISTRIBUCIÓN, ETC.
Lugar de publicación, distribución, etc. [Madrid :
Nombre del editor, distribuidor, etc. L. Etxebarría],
Fecha de publicación, distribución, etc. 2019 (
Fabricante Imedisa)
300 ## - DESCRIPCIÓN FÍSICA
Extensión 559 p. :
Otras características físicas il. ;
Dimensiones 23 cm.
650 #4 - PUNTO DE ACCESO ADICIONAL DE MATERIA--TÉRMINO DE MATERIA
Término de materia o nombre geográfico como elemento de entrada Mujeres-
Subdivisión general Biografías.
9 (RLIN) 15255
852 4# - LOCALIZACIÓN
Ubicación ES-MaACL
Número de control de estantería A-14968
itemnumber 174198
Sublocalización o colección R.153254
Ubicación en estantería Depósito 1
Signatura antigua Olim:N-7968
Donativo/Legado Donación: Pilar Fernandez Vera
903 ## - NOMBRE PERSONAL DE DONANTE
a Fernández Vera, Pilar,
d 1961-
e Donante
9 49420
942 ## - ELEMENTOS DE ENTRADA SECUNDARIOS (KOHA)
Fuente del sistema de clasificación o colocación Clasificación decimal universal
Tipo de ítem Koha Libro impreso
Holdings
Estatus retirado Estado de pérdida Fuente del sistema de clasificación o colocación Estado de daño No para préstamo Biblioteca de origen Biblioteca actual Ubicación en estantería Fecha de adquisición Fuente de adquisición Total de préstamos Signatura topográfica completa Código de barras Visto por última vez Precio de reemplazo Tipo de ítem Koha
    Clasificación decimal universal     Biblioteca del Ateneo de Madrid Biblioteca del Ateneo de Madrid Depósito 1 28/06/2022 Donación   A-14968 1203018 23/02/2023 23/02/2023 Libro impreso